Graphs and order : the role of graphs in the theory of ordered sets and its applications /

Guardado en:
Autores Corporativos: NATO Advanced Study Institute on Graphs and Order Banff, Alta.), North Atlantic Treaty Organization. Scientific Affairs Division.
Otros Autores: Rival, Ivan, 1947-
Formato: Libro
Idioma:English
Publicado: Dordrecht, Holland ; Boston : Hingham, MA, U.S.A. : D. Reidel Pub. Co. ; Sold and distributed in the U.S.A. and Canada by Kluwer Academic Publishers, c1985.
Series:NATO ASI series. Mathematical and physical sciences ; no. 147.
Materias:
Etiquetas: Agregar Etiqueta
Sin Etiquetas, Sea el primero en etiquetar este registro!
LEADER 01465pam a2200301 a 4500
001 MAT.inmabb005982
008 841218s1985####ne#a#####b####101#0#eng##
005 20170602145311.0
245 1 0 |a Graphs and order :  |b the role of graphs in the theory of ordered sets and its applications /  |c edited by Ivan Rival. 
260 |a Dordrecht, Holland ;  |a Boston :  |b D. Reidel Pub. Co. ;  |a Hingham, MA, U.S.A. :  |b Sold and distributed in the U.S.A. and Canada by Kluwer Academic Publishers,  |c c1985. 
300 |a xix, 796 p. :  |b il. ;  |c 25 cm. 
490 1 |a NATO ASI series. Series C, Mathematical and physical sciences ;  |v v. 147 
500 |a "Published in cooperation with NATO Scientific Affairs Division." 
500 |a "Proceedings of the NATO Advanced Study Institute on Graphs and Order, Banff, Canada, May 18-31, 1984"-- T.p. verso. 
504 |a Bibliografía: p. 593-778. 
500 |a Incluye índice. 
510 4 |a MR,  |c 86j:05006 
020 |a 9027719438 
111 2 |a NATO Advanced Study Institute on Graphs and Order  |d (1984 :  |c Banff, Alta.) 
700 1 |a Rival, Ivan,  |d 1947- 
710 2 |a North Atlantic Treaty Organization.  |b Scientific Affairs Division. 
830 0 |a NATO ASI series.  |n Series C,  |p Mathematical and physical sciences ;  |v no. 147. 
650 0 |a Graph theory  |x Congresses. 
650 0 |a Ordered sets  |x Congresses. 
084 |a 05-06 (06-06)  |2 msc2000 
010 |a  84027696  
040 |a DLC  |c DLC  |d DLC 
859 |h 05  |i N279-1984  |p A-6127  |b BIB. MATEMATICA